00557nam a2200157Ia 4500008004100000082001800041100001900059245005100078260003700129300001000166630001800176650006500194942000900259952011600268999001500384211109s9999||||xx |||||||||||||| ||und|| a822.33bDOW-T aDowden, Edward 0aTragicall Hirorine of Hamlet Prince of Denmark bMethuen & Co. Ltd.aLondonc1899 axxvii xGeneral Stack aEnglish & Old English literaturesvEnglish DramaxLiterature cBOOK 00104070aSBCLbSBCLc2d2021-11-09g100.00l0o822.33 DOW-Tp00002926r2021-11-09 00:00:00w2021-11-09yBOOK c2697d2697